000 00457nam a2200157 4500
001 138444
003 ES-MaACL
005 20230906195551.0
007 t|
008 070214s1928 cu r ||||1| spa d
100 1 _aSanguily y Arizti, Manuel.
_9103147
245 1 3 _aLa bandera de Yara /
_cManuel Sanguily y Arizti.
260 _aLa Habana :
_b[s. n.],
_c1928 (
_fA. Dorrbecker)
300 _a37 p., 1 lám. ;
_c23 x 16 cm.
852 _aES-MaACL
_j1716-F-14
999 _c138444
_d138444